000 00499nam a2200181Ia 4500
001 23430
005 20260414150936.0
008 260414t2013||||xx |||||||||||||| ||spa||
041 _aESP
082 _a650.01513
_bC25
100 _aCano Morales, Abel María
_eAUT
245 0 _aMatemáticas financieras :
_baplicado a las ciencias económicas, administrativas y contables
260 _c2013
300 _a344 páginas :
_c24 cm.
650 _aGEN
654 _aCCO
942 _cLIB
_dJUS
_fJUS
_2ddc
_n
999 _c23430
_d23430